000 00590nam a22001937a 4500
003 OSt
005 20240717123857.0
008 240717b |||||||| |||| 00| 0 eng d
020 _a0901260932
040 _aDDC
_cMUST
082 _aWQ 100.O7 1992.
100 _aEdited by T.Chard M.P.M. Richards
_918843
245 _aObstetrics in the 1990'S:
_bCurrent Controversies
_cEdited by T.Chard M.P.M. Richards
260 _aLondon:
_bMac Keith Press.
_c1992.
300 _a249p.:
_bill,;
_c24.5cm.
504 _a Includes Bibliographical Indexes
650 _aObstetrics
_95
942 _2z
_cO_SHELF
999 _c9232
_d9232